000 00253nam a2200097Ia 4500
001 643367
005 20250826153544.0
008 250824s9999 xx 000 0 und d
245 0 _a10 DAKİKADA BEYİN JİMNASTİĞİ
_cGARETH MOORE
260 _bGENÇ TİMAŞ
999 _c643367
_d643367